| 000 | 01257cam a2200337 a 4500 | ||
|---|---|---|---|
| 999 |
_c7000 _d7000 |
||
| 001 | 517276 | ||
| 003 | GBCCL | ||
| 005 | 20241126110617.0 | ||
| 008 | 860929s1987 ilu b 001 0 eng | ||
| 010 | _a 86023748 | ||
| 020 | _a0802407633 | ||
| 040 |
_aDLC _cDLC _dDLC |
||
| 050 | 0 | 0 |
_aBS2575.3 _b.M243 1987 |
| 082 | 0 | 0 |
_a225.77 _219 _bMAC |
| 100 | 1 |
_aMacArthur, John, _d1939- _91165 |
|
| 245 | 1 | 0 |
_aMatthew 8-15 / _cJohn MacArthur, Jr. |
| 250 | _aIndian edition | ||
| 260 |
_aChicago : _bMoody Press, _cc1987. |
||
| 300 |
_a497 p. ; _c24 cm. |
||
| 490 | 1 | _aThe MacArthur New Testament commentary | |
| 500 | _aIncludes indexes. | ||
| 504 | _aBibliography: p. [485]-486. | ||
| 630 | 0 | 0 |
_aBible. _pMatthew, VIII-XV _xCommentaries. _912408 |
| 740 | 0 | _aMatthew eight-fifteen. | |
| 800 | 1 |
_aMacArthur, John, _d1939- _tMacArthur New Testament commentary. _912401 |
|
| 856 | 4 | 2 |
_3Publisher description _uhttp://www.loc.gov/catdir/enhancements/fy0609/86023748-d.html |
| 856 | 4 | 1 |
_3Table of contents only _uhttp://www.loc.gov/catdir/enhancements/fy1202/86023748-t.html |
| 856 | 4 | 2 |
_3Contributor biographical information _uhttp://www.loc.gov/catdir/enhancements/fy1202/86023748-b.html |
| 906 |
_a7 _bcbc _corignew _d1 _eocip _f19 _gy-gencatlg |
||
| 942 |
_2ddc _cREF |
||